| 000 | 00479cam a2200181ua 4500 | ||
|---|---|---|---|
| 003 | OSt | ||
| 008 | 250415b |||||||| |||| 00| 0 eng d | ||
| 020 | _a0-07-006754-6 | ||
| 041 | _aeng | ||
| 082 |
_a624.151 _bBOW/EN |
||
| 100 |
_aBowles, Joseph E. _97396 |
||
| 245 | _aEngineering properties of soils and their measurement / | ||
| 250 | _a3 / | ||
| 260 |
_aNew York : _bMc Graw Hill Book Company , _c1986. |
||
| 300 | _a395 ; . | ||
| 650 |
_aSoil Mechanics _999 |
||
| 942 | _cBK | ||
| 999 |
_c184 _d184 |
||